00515nam a2200169Ia 450000500170000000800410001702000150005808200130007310000180008624500320010426000410013630000130017750000360019094200060022695200980023299900150033020250701015844.0240331s9999 xx 000 0 und d a955569205x bHORa891 aHorana, Nimal 0aThalweta addara diriya mawa aColombobRatna Book Publishersc1988 a238 p ., aMother Diriya by the palm Fence cL 001040708LaWERCLbWERCLcSSCd2024-03-31l0o 891.48 HORp2834r2024-03-31w2024-03-31yL c4792d4792